Moderatio legis temperatio iuris: antinomie e sistemazione del diritto nella Roma tardo-repubblicana

Sparad:
Bibliografiska uppgifter
Huvudupphovsman: D'Orta, Maurizio (Författare, medförfattare)
Materialtyp: Bok
Språk:italienska
Publicerad: Turín G. Giappichelli 2008
Ämnen:
Taggar: Lägg till en tagg
Inga taggar, Lägg till första taggen!

MARC

LEADER 00000nam a2200000 a 4500
001 UCG0413
003 CL-VaPUC
008 100325e20080000IT |||||||||||||||||ita|d
020 |a 9788834875889 
082 0 4 |a 340.54  |b DOR  |2 21 
100 0 |a D'Orta, Maurizio  |e author  |9 547806 
245 1 0 |a Moderatio legis temperatio iuris: antinomie e sistemazione del diritto nella Roma tardo-repubblicana 
300 |a 179 p 
942 |c BK 
945 |d 20100325 00:00:00  |a rbrito 
260 |a Turín  |b G. Giappichelli  |c 2008 
650 0 |a Derecho romano  |9 255930 
583 |a last modification  |c 20121217 08:10:05  |k Rodrigo Vera 
999 |c 340052  |d 340050 
952 |0 0  |1 0  |4 0  |6 340_540000000000000_DOR_2008  |7 0  |8 DER_ROM  |9 434411  |a BIBDER  |b BIBDER  |d 2019-11-22  |i 4655222  |o 340.54 DOR 2008  |p 4655222  |r 2023-01-25  |w 2019-11-22  |x Ubicación 4to piso  |y BK  |z Este recurso debe solicitarse con anticipación  |k DER